LEADER 01742oam 2200457M 450 001 9910716187203321 005 20200213070902.2 035 $a(CKB)5470000002518239 035 $a(OCoLC)1065592351 035 $a(OCoLC)995470000002518239 035 $a(EXLCZ)995470000002518239 100 $a20071213d1926 ua 0 101 0 $aeng 135 $aurcn||||||||| 181 $ctxt$2rdacontent 182 $cc$2rdamedia 183 $acr$2rdacarrier 200 10$aRegulation of motor vehicle traffic in the District of Columbia. March 3 (calendar day, March 4), 1926. -- Ordered to be printed 210 1$a[Washington, D.C.] :$c[U.S. Government Printing Office],$d1926. 215 $a1 online resource (2 pages) 225 1 $aSenate report / 69th Congress, 1st session. Senate ;$vno. 259 225 1 $a[United States congressional serial set] ;$v[serial no. 8524] 300 $aBatch processed record: Metadata reviewed, not verified. Some fields updated by batch processes. 300 $aFDLP item number not assigned. 517 $aRegulation of motor vehicle traffic in the District of Columbia. March 3 606 $aDrivers' licenses 606 $aMotor vehicles 606 $aTraffic regulations 608 $aLegislative materials.$2lcgft 615 0$aDrivers' licenses. 615 0$aMotor vehicles. 615 0$aTraffic regulations. 701 $aCapper$b Arthur$f1865-1951$pRepublican (KS)$01386839 801 0$bWYU 801 1$bWYU 801 2$bOCLCO 801 2$bOCLCQ 906 $aBOOK 912 $a9910716187203321 996 $aRegulation of motor vehicle traffic in the District of Columbia. March 3 (calendar day, March 4), 1926. -- Ordered to be printed$93455492 997 $aUNINA LEADER 01053nam0-2200301 --450 001 9910754701103321 005 20231115111447.0 010 $a978-88-386-9892-7 100 $a20231115d2020----kmuy0itay5050 ba 101 0 $aita 102 $aIT 105 $a 001yy 200 1 $a<>management delle Aziende Sanitarie in tempo di crisi$esfide e soluzioni gestionali e operative all'emergenza Covid-19$fMarta Marsilio, Anna Prenestini 210 $aMilano$cMcGraw-Hill$d2020 215 $aXVI, 284 p.$cill.$d24 cm 300 $aIn copertina: Prefazione di Elio Borgonovi ; postfazione di Federico Lega 676 $a362.10681$v23$zita 700 1$aMarsilio,$bMarta$0597173 701 1$aPrenestini,$bAnna$0611593 702 1$aBorgonovi,$bElio$f<1946- > 702 1$aLega,$bFederico$f<1972- > 801 0$aIT$bUNINA$gREICAT$2UNIMARC 901 $aBK 912 $a9910754701103321 952 $aVIII H 1038$b2021/398$fFGBC 959 $aFGBC 996 $aManagement delle Aziende Sanitarie in tempo di crisi$93583653 997 $aUNINA